[Event "Palma de Mallorca Amic op 1st"]
[Site "Palma de Mallorca"]
[Date "2015.03.27"]
[Round "6"]
[White "Teske, Henrik"]
[Black "Blechzin, Igor"]
[Result "1-0"]
[WhiteElo "2476"]
[BlackElo "2354"]
[PlyCount "41"]
[EventDate "2015.03.22"]
[EventType "swiss"]
[EventRounds "9"]
[EventCountry "ESP"]
[SourceTitle "CBM 165 Extra"]
[Source "ChessBase"]
[SourceDate "2015.04.21"]
[SourceVersion "1"]
[SourceVersionDate "2015.04.21"]
[SourceQuality "1"]

1. d4 Nf6 2. c4 c5 3. Nf3 cxd4 4. Nxd4 e6 5. g3 d5 6. Bg2 e5 7. Nb3 d4 8. 0-0 Nc6 9. f4 e4 10. f5 a5 11. e3 dxe3 12. Qxd8+ Nxd8 13. Bxe3 Ng4 14. Bc5 Bxc5+ 15. Nxc5 Ne3 16. Rf2 Bxf5 17. Nc3 0-0 18. b3 Nxg2 19. Kxg2 Bg6 20. Nd5 Rc8 21. Ne7+ 1-0